000 nam a22 a 4500
999 _c139658
_d139658
003 BLK
005 20210204151847.0
008 180409b bul|||||r ||||||| ||bul||
010 _aKNG00145708000
040 _aBLK
041 _aBUL
_cBUL
072 7 _2bullib
_aЯ
_xАвтографи
080 _aБългарска литература
_b821.163.2
_x-93-32
_z821.163.2-93-32
100 1 _aДонков, Славчо Александров
_eпърви автор
_9298651
139 _aДонков, Славчо Александров
_bД 77
245 1 0 _aХан Аспарух
_bИст. разказ за деца
_cСлавчо Александров Донков; нарис. Венелин Димитров Вълканов.
257 _aBGR
260 _bОтечество
_c1979
_aСофия
300 _a32 с.
_bс ил.
_c32 см
380 _aDX
490 _aБиблиотека България древна и млада
_9203851
500 _aС автогр.: Да е вечн онзи дух, завещан от Аспарух! 22. IV. 1981 г. и подпис Кор. опис. - 50 115 тир.
659 _aЯ
700 1 _aВълканов, Венелин Димитров
_eнарис.
_9366810
852 _aЦб ІІ 18062
856 4 _qpdf
856 4 _qpdf
942 _cKNG
_n0
_01
_s1
944 _aCR
_c12.07.2013
_l12.07.2013 - от С1,Р / 12.07.2013
_kЕлиза_Атанасова
944 _aED
_c12.07.2013
_l12.07.2013 - от С1,Р / 12.07.2013
999 _d139658
999 _d139658